000 00573nam a2200205Ia 4500
005 20250923144311.0
008 008 250917s9999 xx 000 0 eng d
037 _aTextual
040 _aDSWL
_beng
_cDSWL
041 _aeng
_2eng
084 _aL:5.56'N4, N46
_qDSWL
100 _aWilson, Norman
_9823408
245 0 _aMunicipal health services
_cby Norman Wilson
260 _aLondon
_bAllen and Unwin
_c1946
300 _a178 p.
365 _aINR
_b7.6
925 _g7.6
942 _cTEXL
_hL:5.56'N4, N46
999 _c1437173
_d1437173